000 01226nam a2200253Ia 4500
003 GCL
008 140319s9999 xx 000 0 ara d
020 _a7315281977
040 _aGCL /
_cGCL
082 0 4 _aق
_b962.066
_bهـ م
100 1 _aهدى جمال عبدالناصر
245 1 0 _aالمجموعة الكاملة لخطب وتصريحات الرئيس جمال عبدالناصر : المجلد الخامس : فى الفترة من يناير 1962 الى ديسمبر 1963 /
_cهدى جمال عبدالناصر
260 _aالقاهرة :
_bالمكتبة الاكاديمية ،
_c2007
300 _a881 ص ؛
_c24 سم
650 0 4 _aالسد العالى
650 0 4 _aمصر - تاريخ - العصر الحديث - جمال عبدالناصر ( 1954-1970 )
650 0 4 _aجمال عبدالناصر - الخطب
650 0 4 _aمصر - رؤساء الجمهورية
650 0 4 _aمصر - الاتحاد الاشتراكى العربى
650 0 4 _aقناة السويس - تاميم
650 0 4 _aمصر - تاريخ - العصر الحديث - جمال عبدالناصر - مجانية التعليم
650 0 4 _aمصر - الجيش - قوات الدفاع الجوى
942 _2ddc
_cBK
999 _c9848
_d9848